[Event "Stepan Avagyan Memorial 2020"]
[Site "Jermuk"]
[Date "2020.07.08"]
[Round "2.5"]
[White "Petrosyan, Manuel"]
[Black "Harutyunian, Tigran K."]
[Result "1/2-1/2"]
[WhiteElo "2607"]
[BlackElo "2551"]
[Annotator "TA"]
[PlyCount "38"]
[EventDate "2020.07.05"]
[EventType "tourn"]
[EventCountry "ARM"]
[SourceTitle "playchess.com"]
[Source "ChessBase"]
[SourceQuality "1"]

{[%evp 12,38,20,26,24,20,35,17,33,22,22,6,9,10,22,7,15,0,0,0,0,0,10,0,14,-15,0,-1,-2]} 1. d4 Nf6 2. c4 e6 3. Nf3 d5 4. Nc3 Be7 5. Bf4 O-O 6. e3 b6 7. Be2 dxc4 {D37: Queen's Gambit Declined: 5 Bf4.} 8. Bxc4 Ba6 9. Qe2 Qc8 10. O-O c5 {The position is equal.} 11. Rac1 Bxc4 12. Qxc4 Nbd7 {[#]} 13. Rfd1 $146 ({Predecessor:} 13. d5 exd5 14. Nxd5 Nxd5 15. Qxd5 Nf6 16. Qb3 Qb7 17. Rfd1 Rad8 18. Ne5 Nd7 19. Nc4 Nf6 20. Ne5 Nd7 21. Nc4 Nf6 22. Ne5 {½-½ (22) Holm,K (2420)-Lokander,M (2348) Stavanger 2016}) 13... cxd4 14. Qxd4 Qa6 15. Bd6 Bxd6 16. Qxd6 Rac8 17. Nd4 Qb7 18. Ncb5 Nc5 {White should prevent ...Nfe4.} 19. Nb3 Nxb3 {A rather calm draw. Accuracy: White = 85%, Black = 100%.} 1/2-1/2

[Event "Stepan Avagyan Memorial 2020"]
[Site "Jermuk"]
[Date "2020.07.09"]
[Round "3.1"]
[White "Harutyunian, Tigran K."]
[Black "Martirosyan, Haik M."]
[Result "0-1"]
[WhiteElo "2551"]
[BlackElo "2617"]
[Annotator "TA"]
[PlyCount "72"]
[EventDate "2020.07.05"]
[EventType "tourn"]
[EventCountry "ARM"]
[SourceTitle "playchess.com"]
[Source "ChessBase"]
[SourceQuality "1"]

{[%evp 18,72,34,36,25,49,45,43,47,20,35,19,71,72,81,81,58,64,100,67,87,70,64,71,225,157,152,148,387,26,36,30,34,0,0,-98,-79,-452,-444,-435,-430,-415,-427,-515,-232,-539,-461,-972,-931,-29979,-29978,-29987,-29988,-29989,-29990,-29990,-918]} 1. Nf3 c5 2. c4 Nc6 3. Nc3 g6 4. e3 Bg7 5. d4 d6 6. d5 Ne5 7. Nxe5 Bxe5 8. Bd3 e6 9. O-O Ne7 10. e4 exd5 {A35: Symmetrical English: 2 Nc3 Nc6 3 Nf3.} 11. cxd5 {[#]} a6 $146 ({Predecessor:} 11... O-O 12. Bh6 Re8 13. f4 Bd4+ 14. Kh1 f5 15. e5 dxe5 16. Bc4 Kh8 17. Bg5 Kg7 18. fxe5 Bxe5 {1-0 (42) Papp,G (2544)-Parkanyi,A (2275) Hungary 2015}) 12. Kh1 f5 {White is slightly better.} 13. exf5 Nxf5 14. f4 Bg7 (14... Bxc3 $11 {remains equal.} 15. bxc3 O-O) 15. g4 Nd4 {[#] Threatening ...0-0.} 16. Qe1+ $1 Kd7 17. f5 $36 {[%mdl 2048] White is more active.} Kc7 18. Bf4 gxf5 19. Rc1 {Black must now prevent b4!} Re8 20. Qg3 $1 {And now b4! would win.} fxg4 $2 (20... Be5 $16) 21. Na4 Be5 {[#]} 22. b4 $1 {[%cal Rb4c5]} Bd7 $2 (22... Kb8 $16) 23. Nxc5 $2 ({White must play} 23. bxc5 $18 Kb8 24. cxd6 Bxf4 25. Qxf4) 23... Kb8 $11 24. Bxe5 ({Don't blunder} 24. Bxh7 $2 Ne2 $19) 24... dxe5 25. Rf7 Bc8 26. Rxh7 (26. Qf2 $1 $11) 26... b6 $17 27. Be4 $2 {[%mdl 8192]} (27. Bg6 $17 {is tougher.} bxc5 28. Bxe8 Qxd5+ 29. Qg2) 27... Ne2 $19 {[%mdl 64] Double Attack} ({Inferior is} 27... bxc5 28. bxc5 Ra7 29. Rb1+ Nb5 30. Rh5 $14) 28. Qe3 Nxc1 29. Qxc1 {intending Ne6.} Ra7 (29... bxc5 30. Qxc5 Bd7 31. d6 $11) 30. Rh6 Rh8 (30... bxc5 $142 31. bxc5 Qa5) 31. Rxh8 $2 (31. Ne6 Bxe6 32. Rxe6) 31... Qxh8 32. d6 (32. Ne6 $142 g3 33. Qg1) 32... g3 {[%csl Gg3][%cal Rh8h2]} 33. Qd2 bxc5 {Black mates.} 34. bxc5 Rf7 35. Qb2+ Bb7 36. c6 Rf1+ {Accuracy: White = 37%, Black = 62%.} 0-1

[Event "Stepan Avagyan Memorial 2020"]
[Site "Jermuk"]
[Date "2020.07.09"]
[Round "3.2"]
[White "Sargsyan, Shant"]
[Black "Petrosyan, Manuel"]
[Result "1/2-1/2"]
[WhiteElo "2594"]
[BlackElo "2607"]
[Annotator "TA"]
[PlyCount "62"]
[EventDate "2020.07.05"]
[EventType "tourn"]
[EventCountry "ARM"]
[SourceTitle "playchess.com"]
[Source "ChessBase"]
[SourceQuality "1"]

{[%evp 12,62,24,26,20,16,25,18,16,22,14,18,18,12,21,18,19,14,17,28,11,0,0,0,0,0,6,6,17,0,0,0,0,0,0,0,0,0,0,0,0,0,0,0,0,0,0,0,0,0,0,0,0]} 1. d4 Nf6 2. c4 e6 3. Nf3 b6 4. g3 Ba6 5. Nbd2 Bb4 6. Qa4 c5 7. a3 Bxd2+ $1 {E15: Queen's Indian: 4 g3 sidelines, 4 g3 Ba6 and 4 g3 Bb7 early deviations.} 8. Bxd2 ({But not} 8. Kxd2 Bb7 $15) 8... cxd4 9. Bg2 Bb7 10. O-O Bc6 11. Qb3 Bxf3 12. Qxf3 Nc6 13. Rac1 Rc8 14. b4 O-O 15. Qd3 e5 {[#]} 16. f4 $146 {The position is equal.} ({Predecessor:} 16. b5 Ne7 17. e3 dxe3 18. Bxe3 d6 19. Rfd1 Qc7 20. Bd2 Rfd8 21. Bb4 d5 22. cxd5 Qxc1 23. Bxe7 {1-0 (57) Aguiar Garcia,J (2431)-Hernaez Fernandez,C (2340) ICCF email 2015}) 16... Qe7 17. fxe5 Ng4 18. Bd5 Ne3 19. Bxe3 dxe3 20. Qxe3 Nxe5 21. c5 bxc5 22. Rxc5 Rxc5 23. bxc5 g6 24. Rf4 Kg7 25. Re4 f6 26. Ra4 Rc8 27. Rxa7 Qxc5 28. Qxc5 Rxc5 29. Be6 Rc1+ 30. Kf2 Rd1 31. h3 Kf8 {A rather calm draw. Accuracy: White = 100%, Black = 100%.} 1/2-1/2

[Event "Stepan Avagyan Memorial 2020"]
[Site "Jermuk"]
[Date "2020.07.09"]
[Round "3.3"]
[White "Sargsyan, Anna M."]
[Black "Davtyan, Artur"]
[Result "0-1"]
[WhiteElo "2405"]
[BlackElo "2461"]
[Annotator "TA"]
[PlyCount "154"]
[EventDate "2020.07.05"]
[EventType "tourn"]
[EventCountry "ARM"]
[SourceTitle "playchess.com"]
[Source "ChessBase"]
[SourceQuality "1"]

{[%evp 14,154,24,3,12,16,15,0,18,-16,-27,-62,-67,-51,-76,-90,-27,-61,-65,-56,-50,-189,-187,-189,-193,-193,-193,-185,-182,-158,-122,-122,-122,-122,-129,-129,-128,-204,-92,-90,-91,-94,-91,-119,-87,-87,-87,-87,-87,-87,-87,-87,-87,-87,-87,-87,-87,-87,-41,-41,-41,-87,-87,-87,-87,-87,-87,-107,-87,-87,-87,-87,-87,-107,-87,-107,-87,-107,-107,-107,0,-107,-87,-107,-107,-107,-87,-107,-87,-87,-87,-87,-87,-87,-87,-87,-26,-26,-26,-87,-87,-87,-87,-87,-87,-806,-815,-1222,-827,-1175,0,-1153,-1153,-1145,-1145,-1145,-164,-164,-129,-804,-520,-1138,0,-585,-467,-430,-370,-1145,-194,-1138,-1131,-1124,-1124,-1108,-116,-1079,-187,-1068,-158,-912,-752,-518,-7]} 1. d4 d5 2. c4 e6 3. Nc3 Be7 4. Nf3 Nf6 5. Bf4 O-O 6. e3 Nbd7 7. c5 c6 8. h3 b6 {D37: Queen's Gambit Declined: 5 Bf4.} 9. b4 a5 10. a3 $1 h6 {The position is equal. seems to push 10...Ba6 aside.} 11. b5 {[#]} Bb7 $146 ({Predecessor:} 11... bxc5 12. bxc6 Nb6 13. Nb5 Nc4 14. Bc7 Qe8 15. Bxc4 Qxc6 16. Ne5 Qb7 17. Be2 Ne8 {1-0 (36) Krishna Teja,N (2282)-Nyamdorj,D (2015) Bhubaneswar 2016}) 12. bxc6 Bxc6 13. cxb6 Qxb6 {Threatens to win with ...Qb2.} 14. Rb1 Qd8 (14... Qa7 $1 $17 15. Bb5 Ne4 16. Nxe4 Bxb5 17. Rxb5 dxe4) 15. Bb5 Qc8 16. Qb3 {[#]} a4 $1 {[%mdl 512]} 17. Qa2 (17. Qb2 $1 $15) (17. Bxa4 Bxa4) 17... Ne4 $36 {[%mdl 2048] Black has strong initiative.} 18. Nxe4 dxe4 19. Bxc6 Qxc6 20. Nd2 Rfc8 21. O-O Qc2 22. Qxc2 Rxc2 23. Nxe4 Bxa3 24. Rb7 Nf6 $1 {[%cal Rf6e4]} 25. Ra1 (25. Nxf6+ $17 {was called for.} gxf6 26. Rfb1) 25... Bb2 (25... Nxe4 $19 {has better winning chances.} 26. Rxa3 Rxf2) 26. Nxf6+ $17 gxf6 27. Ra2 a3 28. e4 Re2 29. Kf1 Rxe4 {[%mdl 64] Double Attack} 30. Rbxb2 axb2 31. Rxa8+ {[%mdl 4096] Endgame KRB-KR} Kh7 $1 32. Rb8 {Strongly threatening Be3.} Rxf4 33. Rxb2 Rxd4 {KR-KR} 34. g3 f5 35. Kg2 f4 36. Rb7 Kg6 37. gxf4 Rxf4 38. Kg3 Rd4 39. Rb8 Kg7 40. Kg2 Rd3 41. Re8 Rc3 42. Kh2 h5 43. Kg2 Rd3 44. Kh2 Kf6 45. Kg2 Rd4 46. Kg3 Rd3+ 47. Kg2 $1 Rd5 48. Kg3 Rg5+ 49. Kf3 Ra5 50. Kg3 Kf5 51. Rh8 Ke4 52. h4 Rf5 53. Ra8 Rf3+ 54. Kg2 {Hoping for Ra4+.} Rd3 (54... Rf4 $17 55. f3+ Kf5) 55. Ra7 $1 $11 f6 56. Rf7 (56. Rh7 $11) 56... Kf5 $1 $17 57. Rh7 {[#]} Kg6 $1 {[%cal Rg6h7]} 58. Re7 e5 59. Re8 $2 {[%mdl 8192] [#]} (59. f3 $17) 59... Kf5 $1 $19 {[%cal Rf5g4]} 60. Rf8 Rd4 61. Kg3 Rd3+ 62. Kg2 $1 e4 63. Rf7 Rd8 64. Rg7 Kf4 $2 (64... Rd2 65. Rg8 Kf4) 65. Rg6 Rd6 66. Rg3 $2 {[%mdl 8192]} (66. Kf1 $17) 66... Rd2 67. Kf1 (67. Rg6 $142 Kf5 68. Rg3) 67... Rd6 68. Kg2 $1 Kf5 69. Rg8 Rd2 70. Kf1 $2 (70. Rg7 Ra2 71. Rg8) 70... Rd4 $2 (70... Rd3 71. Kg2 Rc3) 71. Rf8 $2 (71. Kg2) 71... Rd3 72. Kg2 Rf3 73. Rg8 Rc3 $2 (73... Rf4 $19 {White must now prevent ...Rg4+.} 74. Kg3 Rf3+ 75. Kg2 Rb3) 74. Rg7 $2 {[%mdl 8192]} (74. Re8 $17) 74... Rc2 $2 (74... Rb3 75. Re7 Ra3) 75. Kg3 $2 (75. Rg8) 75... Rc4 $2 (75... Ra2 $19 {and Black stays clearly on top.} 76. Rf7 Ra3+ 77. Kg2 Ra8) 76. Rh7 $2 (76. Kh3 $17) 76... Rc3+ 77. Kg2 Ke5 $2 {[%mdl 32768] Accuracy: White = 56%, Black = 68%. . Sensor Board Error (Ke4/e5)?} (77... Kg4 $19 78. Re7 f5) 0-1

[Event "Stepan Avagyan Memorial 2020"]
[Site "Jermuk"]
[Date "2020.07.09"]
[Round "3.4"]
[White "Gharibyan, Mamikon"]
[Black "Shahinyan, David"]
[Result "1-0"]
[WhiteElo "2433"]
[BlackElo "2456"]
[Annotator "TA"]
[PlyCount "131"]
[EventDate "2020.07.05"]
[EventType "tourn"]
[EventCountry "ARM"]
[SourceTitle "playchess.com"]
[Source "ChessBase"]
[SourceQuality "1"]

{[%evp 18,131,48,31,42,25,62,54,40,49,35,34,72,66,58,71,71,79,63,-81,-81,-59,-52,-64,-72,-139,-31,-31,-23,-23,-35,-60,-64,-57,-64,-75,-60,-60,-62,-56,-64,-87,-30,-88,-83,-84,6,5,4,4,104,0,164,160,244,216,222,206,172,152,154,154,138,138,101,81,83,74,94,74,346,336,494,494,818,829,771,744,1744,1636,1192,882,29968,29969,29966,11396,29971,29950,5093,4955,29971,29973,29979,29979,29979,29978,29978,0,29976,29971,29976,29971,29970,2377,29979,29979,29979,29980,29988,29977,29981,29976,29984,29975,29984,47]} 1. d4 Nf6 2. c4 c5 3. d5 e6 4. Nc3 exd5 5. cxd5 d6 6. e4 g6 7. f4 Bg7 8. Bb5+ Nfd7 9. Bd3 O-O 10. Nf3 Qa5 {A67: Modern Benoni: Taimanov Variation.} 11. Bd2 Re8 12. O-O c4 {White is slightly better.} 13. Bc2 $1 Na6 {[#]} 14. Kh1 $146 ({Predecessor:} 14. f5 Nf6 15. fxg6 Qb6+ 16. Kh1 hxg6 17. Rb1 Bg4 18. h3 Bd7 19. a3 Nh7 20. Qe2 {1-0 (53) Huguet Reina,C (1742)-Yatsenko,L ICCF email 2016}) 14... Nac5 15. a4 Nd3 16. Bxd3 cxd3 17. Nb5 Qb6 18. Bb4 (18. Qe1 $1 $14 Nf6 19. Ba5) 18... Rxe4 $17 19. Bxd6 a6 20. Bc7 Qc5 21. Rc1 ({White should play} 21. Nd6 Re3 22. Qc1) 21... Qxd5 (21... Rc4 $1 $17 22. Nd6 Rc2) 22. Nc3 $15 Bxc3 $1 23. Rxc3 Nc5 {Strongly threatening ...Rb4.} 24. Bb6 Rc4 $1 $36 {[%cal Rc4c3][%mdl 2048] Black fights for an advantage.} 25. Rxc4 Qxc4 {[%mdl 64] Double Attack} 26. Ne5 Qb4 27. Bxc5 $1 Qxc5 28. Qxd3 Be6 29. h3 Rc8 (29... Qb4 $17) 30. Qg3 (30. Kh2 $11) 30... Qc2 31. Kh2 Qxb2 (31... Rd8 $17) 32. f5 $1 $11 {[%cal Rf5e6]} Bd5 33. Ng4 {fxg6 is the strong threat.} Kg7 (33... Kh8 $1 $11) 34. Rf2 (34. Ne3 $1 $16 {[%cal Re3d5]} Be4 35. Rf4) 34... Qc3 $2 {[#]} (34... Qd4 $1 $11 {and Black has nothing to worry.}) 35. f6+ $1 $18 Kg8 {[#]} (35... Kh8 $16) 36. Nh6+ $1 Kh8 37. Qxc3 Rxc3 {[%mdl 4096] Endgame KRB-KRN} 38. Rd2 Rc5 {[#]} 39. Nxf7+ $1 {[%mdl 512]} Kg8 (39... Bxf7 40. Rd8+) 40. Nd6 Bf7 41. Nxb7 {Threatening mate with Rd8+.} Rd5 42. Rc2 {Threatens to win with Rc8+.} Be8 43. Rc7 Bxa4 $2 {[%mdl 8192] [#]} (43... Rd7 $16 44. Rxd7 Bxd7) 44. Nc5 $1 {[%mdl 512] f7+ would kill now.} Rxc5 (44... Be8 {is a better defense.} 45. Rg7+ (45. Nxa6 Rd6 $14) 45... Kh8) 45. Rxc5 {KR-KB} Kf7 (45... h6 $142 46. Rc7 Kf8) 46. Rc7+ Kxf6 47. Rxh7 Ke5 48. Kg3 Bb5 49. Ra7 Kd4 50. Kf4 Kc5 51. g4 (51. h4 $142 Bd3 52. Ke3 Bc4 53. g4 a5 54. h5 gxh5 55. gxh5 Be6 56. h6) 51... Kb4 52. Kg5 Bd3 53. Rd7 Bc2 54. Rb7+ Ka4 55. Rb2 Bd3 56. Rd2 Bb1 57. Rb2 Bd3 $1 58. Kf4 a5 59. Ke3 Ka3 60. Rb6 (60. Rb8 $142 Bc4 61. h4 Bf7 62. Rf8 Bb3 63. h5 gxh5 64. gxh5 Bd1 65. h6) 60... Bc2 61. Kd2 {White mates.} Be4 62. h4 a4 63. Re6 Bb1 64. Kc1 Ka2 {[#]} 65. Ra6 $1 a3 66. Rxa3+ {Accuracy: White = 85%, Black = 50%.} 1-0

[Event "Stepan Avagyan Memorial 2020"]
[Site "Jermuk"]
[Date "2020.07.09"]
[Round "3.5"]
[White "Mikaelyan, Arman"]
[Black "Barseghyan, Armen Ar."]
[Result "1-0"]
[WhiteElo "2483"]
[BlackElo "2387"]
[Annotator "TA"]
[PlyCount "117"]
[EventDate "2020.07.05"]
[EventType "tourn"]
[EventCountry "ARM"]
[SourceTitle "playchess.com"]
[Source "ChessBase"]
[SourceQuality "1"]

{[%evp 17,117,2,10,25,14,-8,17,13,20,31,34,14,19,0,0,0,0,0,0,0,0,0,0,0,0,0,12,7,16,14,17,-11,0,0,0,0,0,0,0,-20,-15,-14,-8,-8,0,0,0,0,0,0,0,0,0,-6,-4,-6,-6,-6,0,0,20,15,8,12,152,150,283,290,260,276,700,688,708,672,545,363,682,684,536,498,536,699,5314,2447,12830,12835,12835,12835,12835,11504,12836,12837,12837,1769,12841,12842,12844,12844,12845,12845,12845,12844]} 1. d4 Nf6 2. c4 e6 3. Nc3 Bb4 4. f3 d5 5. a3 Bxc3+ 6. bxc3 c5 7. cxd5 Nxd5 8. dxc5 Qa5 9. e4 Ne7 10. Be3 {E25: Nimzo-Indian: Sämisch: 5...c5 6 f3 d5 7 cxd5.} O-O 11. a4 Nd7 12. Qb3 {The position is equal.} Qc7 13. a5 Rb8 14. Bb5 Nxc5 15. Qc4 b6 {[#]} 16. axb6 $146 ({Predecessor:} 16. Ne2 e5 17. Bxc5 bxc5 18. Qa4 a6 19. Bc4 Bd7 20. Qa2 Bb5 21. O-O Bxc4 22. Qxc4 {0-1 (45) Volkov,S (2645)-Sammalvuo,T (2416) Stockholm 2017}) 16... axb6 17. Ne2 e5 18. O-O Be6 19. Qb4 Nc6 20. Qa3 Nb3 21. Rab1 Nca5 22. Qb4 Nc4 23. Bxc4 $1 Qxc4 24. Rb2 Rfd8 25. Qxc4 Bxc4 26. Kf2 {Threatening Rfb1.} Nc5 27. Bxc5 bxc5 28. Rfb1 (28. Rxb8 {with more complications.} Rxb8 29. Ra1 Kf8 30. Ra4 Be6 31. Nc1) 28... Rxb2 29. Rxb2 $11 {[%mdl 4096] Endgame KRB-KRN} g6 30. Ke1 Kg7 31. Nc1 Ra8 32. Kd2 h5 33. h4 Rd8+ 34. Ke1 Ra8 35. Rb6 Ra1 36. Kd2 Bf1 37. g3 Ra3 38. Nd3 Ra2+ 39. Rb2 Rxb2+ 40. Nxb2 {KB-KN} Bb5 {[#] Black is on the road to losing.} (40... Ba6 $1 $11) 41. c4 $1 $16 {[%cal Rc4b5]} Bd7 (41... Be8 $16 {might work better.} 42. Nd3 f6 43. Nxc5 Kf7) 42. Nd3 $18 Be6 43. Kc3 ({Stronger than} 43. Nxc5 Bxc4 44. f4 exf4 $11) ({Less strong is} 43. Nxe5 Kf6 $16) 43... Bh3 $2 (43... Kf6 44. f4 (44. Nxc5 Bh3 $16) 44... exf4 45. gxf4 Bg4 46. Nxc5 Bf3) 44. Nxe5 Bg2 45. Nd7 Bxf3 46. Kd3 Bg2 $2 {[#]} (46... Bg4 47. Nxc5 Kf8) 47. Nxc5 {White is clearly winning.} Kf6 48. Kd4 Ke7 49. Nd3 Bf1 50. Nf4 Kd6 51. e5+ Kd7 52. Kd5 Ke7 53. c5 {[%cal Bc4c5,Bc5c6,Bc6c7][%mdl 32]} Bb5 54. c6 Ba4 55. Kc5 Bd1 56. Nd5+ Ke6 57. c7 Kd7 58. Kb6 Be2 59. Kb7 {Accuracy: White = 94%, Black = 62%.} 1-0

[Event "Stepan Avagyan Memorial 2020"]
[Site "Jermuk"]
[Date "2020.07.10"]
[Round "4.1"]
[White "Martirosyan, Haik M."]
[Black "Barseghyan, Armen Ar."]
[Result "1-0"]
[WhiteElo "2617"]
[BlackElo "2387"]
[Annotator "TA"]
[PlyCount "73"]
[EventDate "2020.07.05"]
[EventType "tourn"]
[EventCountry "ARM"]
[SourceTitle "playchess.com"]
[Source "ChessBase"]
[SourceQuality "1"]

{[%evp 12,73,12,0,8,0,7,0,2,0,76,76,76,76,75,68,71,58,83,84,89,94,90,80,85,77,104,83,93,70,197,141,136,136,136,135,131,120,125,125,129,126,204,216,219,232,225,205,248,212,325,231,319,307,297,300,439,432,462,455,572,563,2161,1933]} 1. d4 Nf6 2. c4 e6 3. Nc3 Bb4 4. Qc2 d5 5. cxd5 Qxd5 6. Nf3 Qf5 7. Qb3 Nc6 {7...Nc6 is better than 7...c5. E34: Nimzo-Indian: Classical: 4...d5.} 8. Bd2 O-O 9. a3 $5 {[%mdl 4] Leaves trodden paths.} Ba5 {The position is equal.} 10. h3 Ne4 (10... h5 $11) 11. Nxe4 $16 Qxe4 12. Bxa5 Nxa5 13. Qc3 {[#]} b6 $146 ({Predecessor:} 13... Nc6 14. e3 Bd7 15. Bd3 Qd5 16. O-O Rfd8 17. Rfd1 Rac8 18. Bc4 Qd6 19. d5 exd5 20. Rxd5 {1-0 (56) Finegold,B (2533)-Saidy,A (2338) Las Vegas 2004}) 14. b4 ({Much weaker is} 14. Qxc7 Bb7 $15) 14... Nc6 15. e3 $36 {[%mdl 2048] White is on the roll.} Bb7 16. Bd3 Qd5 17. O-O Rac8 18. Qc2 Qh5 19. Be4 Nd8 {[%cal Bc6d8,Bd8b7,Bb7d6,Bd6e4][%mdl 32]} 20. Rfc1 c5 (20... Bxe4 $14 21. Qxe4 f6) 21. dxc5 ({Resist} 21. bxc5 $6 bxc5 22. Bxb7 (22. dxc5 Bxe4 23. Qxe4 Rxc5 $16) 22... Nxb7 $16) (21. Bxb7 $18 Nxb7 22. Qa4) 21... bxc5 22. Bxb7 Nxb7 23. Qa4 $1 Nd6 24. Qa5 Qf5 25. Rxc5 Qf6 {[#]} 26. Rcc1 $1 Rxc1+ (26... Ne4 $16) 27. Rxc1 $18 Qb2 {[#]} 28. Rd1 $1 {[%cal Rd1d6]} Ne4 29. Rf1 h6 30. Qxa7 Rd8 (30... Nc3 $142 31. Qa5 Ne2+ 32. Kh2 Nc3) 31. Qc7 Rd5 32. Qc8+ Kh7 33. Qc1 Qe2 (33... Qa2 {is a better defense.} 34. Qb1 Qxb1 35. Rxb1 Nc3) 34. Nd4 {White is clearly winning.} Qh5 35. Qc2 f5 36. Nxe6 {Qc7! is the strong threat.} Rd2 {[#]} 37. Qc7 $1 {Accuracy: White = 92%, Black = 40%.} 1-0

[Event "Stepan Avagyan Memorial 2020"]
[Site "Jermuk"]
[Date "2020.07.10"]
[Round "4.2"]
[White "Shahinyan, David"]
[Black "Mikaelyan, Arman"]
[Result "1-0"]
[WhiteElo "2456"]
[BlackElo "2483"]
[Annotator "TA"]
[PlyCount "75"]
[EventDate "2020.07.05"]
[EventType "tourn"]
[EventCountry "ARM"]
[SourceTitle "playchess.com"]
[Source "ChessBase"]
[SourceQuality "1"]

{[%evp 17,75,-10,-20,-1,0,0,0,0,0,0,0,0,24,22,22,31,90,89,137,-38,-41,-117,-108,-186,0,0,0,-54,-9,-15,-8,-9,2,14,326,308,300,314,687,-126,689,672,1448,1383,1830,1766,1239,465,1215,741,696,683,964,900,29981,29982,29980,29976,29996,29997]} 1. e4 c5 2. Nf3 d6 3. g3 g6 4. Bg2 Bg7 5. O-O Nc6 6. c3 e5 7. d3 Nge7 8. Be3 O-O 9. Na3 b6 10. Qd2 {A04: Unusual lines after 1 Nf3 and King's Indian Attack.} Re8 11. Rfe1 {[#]} d5 $146 ({Predecessor:} 11... Bb7 12. d4 exd4 13. cxd4 d5 14. exd5 Nxd5 15. Rad1 Nxe3 16. fxe3 Qe7 17. d5 Rad8 {0-1 (26) Mendes,P (1867)-Silva,L (2317) Mirandela 2017}) 12. exd5 {The position is equal.} Nxd5 13. Bh6 f6 14. d4 e4 15. Bxg7 Kxg7 16. dxc5 exf3 (16... bxc5 $14 17. Nh4 f5) 17. Bxf3 $16 {Black must now prevent Rxe8.} Be6 18. Rxe6 $2 (18. Nc4 $1 $16 {[%cal Rc4d6] Threatens to win with Nd6.} Ne5 19. Nxe5 fxe5 20. Rad1) 18... Rxe6 $15 19. Qxd5 (19. Bxd5 $15 Ne7 20. c4 bxc5 21. Nc2) 19... Qe7 $1 $17 {Strongly threatening ...Rd8.} 20. cxb6 (20. Qb3 $17) 20... axb6 $2 (20... Rd8 $1 $19 {[%cal Rd8d5]} 21. Qb5 Ne5) 21. Qb3 $11 Rd8 22. Nc4 (22. Bxc6 $11 Rxc6 23. Nc2) 22... Rd3 23. Bxc6 $1 Rxc6 24. Nxb6 h5 25. Nd5 Qc5 $2 {[%mdl 8192]} (25... Qd7 $11 {and Black stays safe.} 26. Rd1 Rxd1+ 27. Qxd1 Rc5) 26. Qb7+ $18 Kh6 27. Ne7 $1 {[%cal Re7c6]} Rd2 $2 (27... Rc7 28. Qe4 {[%mdl 64] Double Attack} Rxg3+ 29. hxg3 Rxe7) 28. Ng8+ $1 Kg5 {[%mdl 1024] [#] Black has strong compensation.} 29. Rf1 $1 Qb6 30. Qg7 Re2 31. h4+ Kf5 32. Ne7+ (32. Qd7+ $142 Ke5 {[#]} 33. Ne7 $1 {[%mdl 512]}) 32... Ke6 (32... Rxe7 $142 33. Qxe7 Re6) 33. Nxc6 Qxc6 34. Rd1 Kf5 35. Qf7 Rxb2 36. Rd5+ {White mates.} Ke4 37. Rd4+ Kf3 38. Qxg6 {Accuracy: White = 68%, Black = 40%.} 1-0

[Event "Stepan Avagyan Memorial 2020"]
[Site "Jermuk"]
[Date "2020.07.10"]
[Round "4.3"]
[White "Davtyan, Artur"]
[Black "Gharibyan, Mamikon"]
[Result "1/2-1/2"]
[WhiteElo "2461"]
[BlackElo "2433"]
[Annotator "TA"]
[PlyCount "84"]
[EventDate "2020.07.05"]
[EventType "tourn"]
[EventCountry "ARM"]
[SourceTitle "playchess.com"]
[Source "ChessBase"]
[SourceQuality "1"]

{[%evp 9,84,20,31,11,10,2,4,13,1,8,13,0,0,0,5,0,0,0,0,0,0,8,25,8,27,30,31,27,29,32,34,25,30,25,37,0,6,0,39,37,42,30,30,30,37,37,37,37,44,30,30,9,39,37,37,31,31,39,39,39,39,39,66,66,66,39,39,14,14,14,14,10,10,10,10,10,10]} 1. d4 Nf6 2. c4 e6 3. Nf3 d5 4. Nc3 Bb4 5. Qb3 a5 {[%cal Ba7a5,Ba5a4][%mdl 32]} 6. a3 {D38: Queen's Gambit Declined: Ragozin Defence (4 Nf3 Bb4).} a4 7. Qc2 ({Much weaker is} 7. Qxb4 Nc6 $17) 7... Bxc3+ $1 8. Qxc3 Ne4 9. Qc2 c5 10. e3 cxd4 11. cxd5 exd5 12. Nxd4 O-O 13. Bd3 {[#]} Nc6 $146 ({Predecessor:} 13... Re8 14. O-O Bd7 15. Bd2 Na6 16. Bxe4 dxe4 17. Bc3 Nc5 18. Rad1 Qg5 19. Bb4 Nd3 {0-1 (34) Tryggestad,A (2336)-Tari,A (2620) Helsingor 2019}) 14. O-O Nxd4 15. exd4 h6 16. Be3 Bd7 17. Bxe4 dxe4 18. Qxe4 Bc6 19. Qg4 Qf6 20. Rac1 Ra5 21. Rfe1 Rd8 22. f3 Rb5 23. Re2 Kh7 (23... h5 $5 {[%cal Rh5g4]} 24. Qf4 Qxf4 25. Bxf4 Rxd4 $11) 24. h4 Re8 25. Rce1 Re6 26. Bf2 {[%cal Re2e6]} Rxe2 27. Rxe2 Qg6 28. Qxg6+ Kxg6 $14 {[%mdl 4096] Endgame KRB-KRB} 29. Be1 Rd5 30. Bc3 Rd7 31. Kf2 f6 32. g4 h5 33. Kg3 hxg4 34. fxg4 Kf7 35. Kf4 Re7 36. Rxe7+ Kxe7 {KB-KB} 37. Kf5 Kf7 38. g5 g6+ {The position is equal.} 39. Kf4 fxg5+ 40. Kxg5 Bh1 41. Be1 Bc6 42. Bg3 Bh1 {Accuracy: White = 88%, Black = 90%.} 1/2-1/2